Information technology and society : a reader

Αποθηκεύτηκε σε:
Λεπτομέρειες βιβλιογραφικής εγγραφής
Άλλοι συγγραφείς: Heap, N. W. (Επιμελητής έκδοσης)
Μορφή: Βιβλίο
Γλώσσα:English
Δημοσίευση: London, UK : Thousand Oaks, CA : Sage Publications in association with the Open University, c1995
Θέματα:
Ετικέτες: Προσθήκη ετικέτας
Δεν υπάρχουν, Καταχωρήστε ετικέτα πρώτοι!

MARC

LEADER 00000nam a2200000 i 4500
001 1/73952
008 050321s1995 eng d
020 |a 0-8039-79800 (hbk.) 
035 |l 10077237 
040 |a GR-MY-UA  |b gre  |e aacr 
041 0 |a eng 
082 0 |a 303.4833  |2 (21) 
245 1 0 |a Information technology and society :  |b a reader /  |c edited by Nick Heap ... [και ά.] 
260 |a London, UK :   |a Thousand Oaks, CA :   |b Sage Publications in association with the Open University,   |c c1995 
300 |a 436 σ.;  |c 24 εκ. 
504 |a Περιλαμβάνει ευρετήριο 
650 0 0 |a Information technology  |x Social aspects. 
700 1 |a Heap, N. W.  |4 edt 
852 |a INST  |b CHIOS  |e 20050321  |h 303.4833 INF  |p 005200021638  |q 005200021638  |t BK  |y 0 
901 |a BIBL2-2005-2 
909 |a Χ  |b 116606 
922 |a 2ΕΛΗ  |b 200410  |c ΤΔΕ  |d ΜΙΧΑΛΟΠΟΥΛΟΣ 
950 |a 112-2004-10-05 
970 |a ΣΑΛΑΜΟΥΡΑ  |b ΜΑΡΙΑ  |z 2005/05/12